Historia e identidad de Talamanca, Costa Rica /
Tallennettuna:
| Päätekijä: | |
|---|---|
| Aineistotyyppi: | Teksti |
| Aiheet: | |
| Tagit: |
Lisää tagi
Ei tageja, Lisää ensimmäinen tagi!
|
MARC
| LEADER | 00000 a a2200000 04500 | ||
|---|---|---|---|
| 001 | 41641 | ||
| 003 | |||
| 040 | |||
| 100 | |a Palmer, Paula R | ||
| 245 | |a Historia e identidad de Talamanca, Costa Rica / |c Paula R. Palmer | ||
| 650 | |a POBLACION INDIGENA | ||
| 650 | |a NEGROS | ||
| 650 | |a CULTURA | ||
| 650 | |a IDENTIDAD CULTURAL | ||
| 650 | |a ESTUDIANTES | ||
| 650 | |a COSTA RICA | ||
| 773 | |g volumen7, número1 (1983), Páginas 31-38 | ||
| 999 | |c 25530 |d 25530 | ||
